Arc Raiders Gun - Statistics

General Stats
  • This quiz has been taken 13 times
  • The average score is 16 of 23
Answer Stats
Picture Answer % Correct
Anvil
100%
Bobcat
91%
Hairpin
91%
Hullcracker
91%
Arpeggio
82%
Ferro
82%
Rattler
82%
Renegade
82%
Tempest
82%
Bettina
73%
Canto
73%
Equalizer
73%
Jupiter
73%
kettle
73%
Osprey
73%
Torrente
73%
Stitcher
64%
Venator
64%
Vulcan
64%
Dolabra
55%
Aphelion
45%
Bruletta
18%
II Toro
18%
No matching quizzes found
Score Distribution
Percent of People with Each Score
Percentile by Number Answered
Your Score History
You have not taken this quiz